| 000 | 01002cam a22003011 4500 | ||
|---|---|---|---|
| 001 | 74723 | ||
| 003 | BD-RjUL | ||
| 005 | 20211209082607.0 | ||
| 008 | 730213s1963 enka b 000 0 eng | ||
| 035 | _a(BD-RjUL) | ||
| 035 | _a(OCoLC)558141 | ||
| 040 |
_aDLC _cODaWU _dOCoLC _dUk _dDLC _beng |
||
| 041 | _aeng | ||
| 042 | _apremarc | ||
| 082 |
_223 _a580 _bSA F 1963 |
||
| 100 | 1 |
_aSalisbury, Frank B. _9225265 |
|
| 245 | 1 | 4 |
_aThe flowering process./ _cChristy Borth |
| 260 |
_aOxford, _aNew York, _bPergamon Press; [distributed in the Western Hemisphere by Macmillan, New York] _c1963. |
||
| 300 |
_axii, 234 p. _billus. _c23 cm. |
||
| 504 | _aBibliography: p. 219-223. | ||
| 650 | 0 |
_aPlants, Flowering of. _9225267 |
|
| 906 |
_a7 _bcbc _coclcrpl _du _encip _f19 _gy-gencatlg |
||
| 942 |
_2ddc _cBK |
||
| 999 |
_c74723 _d74723 |
||